Presiento. Morat y Aitana - Estadísticas

Estadísticas generales
  • Esta prueba ha sido intentada 107 veces
  • La puntuación promedio es 308 de 363
Estadísticas de respuestas
Respuesta % Correcto
a
100%
Presiento
100%
de
99%
De
99%
que
99%
Que
99%
es
97%
el
96%
no
96%
No
96%
Nooh-oh
96%
96%
96%
Y
96%
y
96%
95%
por
95%
te
95%
95%
tu
95%
en
93%
esos
93%
ya
93%
error
92%
me
92%
vas
92%
cometer
91%
da
91%
errores
91%
lo
91%
ti
91%
serás
89%
siempre
89%
solo
89%
Solo
89%
dispuesto
88%
estoy
88%
nunca
88%
vienes
88%
cuando
87%
nada
87%
tienes
87%
ver
87%
volverte
87%
Yo
87%
papel
86%
tuyo,
86%
tuyo
86%
corazones
84%
entre
84%
para
84%
aunque
83%
perder
83%
todo
83%
vueltas,
83%
vueltas
83%
avisar
82%
entretienes
82%
intentó
82%
miro
82%
Rompiendo
82%
era
80%
mejor
80%
mis
80%
tal
80%
vez
80%
das
79%
eres
79%
instinto
79%
presentimientos
79%
quiero
79%
olvido
78%
enamorar
76%
la
76%
oh
76%
admito
75%
conocerte
75%
experta
74%
caigan
72%
cuántos
72%
importa
72%
los
70%
dos
66%
Pero
66%
un
63%
sin
59%
curiosidad
58%
escuchar
58%
verdad
58%
voz
58%
mate
57%
sabes
57%
hay
55%
juego
55%
Podré
55%
vivir
55%
fondo
53%
negar
53%
Puedes
50%
puedo
50%
razón
50%
una
49%
magia
47%
obsesión
47%
ocultar
43%
entienda
37%
oh-oh
37%
oh, oh
37%
Oh-oh-oh-oh
17%
No se encontraron pruebas coincidentes
Distribución de puntuación
Porcentaje de gente con cada puntuación
Porcentaje por número respondido
Historial de tus puntuaciones
No has intentado esta prueba.